<?xml version="1.0" encoding="UTF-8"?><?xml-stylesheet type="text/xsl" href="static/style.xsl"?><OAI-PMH xmlns="http://www.openarchives.org/OAI/2.0/" xmlns:xsi="http://www.w3.org/2001/XMLSchema-instance" xsi:schemaLocation="http://www.openarchives.org/OAI/2.0/ http://www.openarchives.org/OAI/2.0/OAI-PMH.xsd"><responseDate>2026-04-19T09:48:45Z</responseDate><request verb="GetRecord" identifier="oai:www.recercat.cat:2117/341563" metadataPrefix="marc">https://recercat.cat/oai/request</request><GetRecord><record><header><identifier>oai:recercat.cat:2117/341563</identifier><datestamp>2025-07-22T23:07:37Z</datestamp><setSpec>com_2072_1033</setSpec><setSpec>col_2072_452951</setSpec></header><metadata><record xmlns="http://www.loc.gov/MARC21/slim" xmlns:dcterms="http://purl.org/dc/terms/" xmlns:xsi="http://www.w3.org/2001/XMLSchema-instance" xmlns:doc="http://www.lyncode.com/xoai" xsi:schemaLocation="http://www.loc.gov/MARC21/slim http://www.loc.gov/standards/marcxml/schema/MARC21slim.xsd">
   <leader>00925njm 22002777a 4500</leader>
   <datafield ind2=" " ind1=" " tag="042">
      <subfield code="a">dc</subfield>
   </datafield>
   <datafield ind2=" " ind1=" " tag="720">
      <subfield code="a">Calsina Rodriguez, Oriol</subfield>
      <subfield code="e">author</subfield>
   </datafield>
   <datafield ind2=" " ind1=" " tag="260">
      <subfield code="c">2020-07-16</subfield>
   </datafield>
   <datafield ind2=" " ind1=" " tag="520">
      <subfield code="a">El present treball pretén demostrar la importància del bosc en les nostres vides i també&#xd;
demostrar que la química està present en tots els productes derivats del bosc.&#xd;
Els boscos són indispensables per la supervivència de la Terra tal i com i la coneixem, ja&#xd;
que sense els boscos hi hauria una gran part de la població que no disposaria dels&#xd;
recursos necessaris per sobreviure, tant econòmics com en temes d'alimentació.&#xd;
També tenen molta importància respecte al canvi climàtic ja que són els majors&#xd;
magatzems de carboni de tot el món i fan que l'impacte del CO2 que produïm&#xd;
s’emmagatzemi i no vagi directament a l'atmosfera.&#xd;
En el projecte es presenten els principals productes derivats del bosc i com la química&#xd;
afecta a tots els productes i els principals usos que se’ls hi donen.&#xd;
Es tracta de realitzar diversos experiments simples relacionats amb el tema i que es&#xd;
puguin portar a terme amb material assequible, per tal de poder demostrar l'explicat&#xd;
anteriorment. Així doncs, podrem entendre i observar amb més claredat certs conceptes&#xd;
químics que estan presents en els boscos.</subfield>
   </datafield>
   <datafield ind2=" " ind1=" " tag="520">
      <subfield code="a">This project is intended to demostrate the importance of the forest in our lives as well&#xd;
as to show that chemistry is in all forest products.&#xd;
Forests are essential for the survival of the Earth such as we know it, because without&#xd;
forests, there would be a large part of the population that would not dispose of the&#xd;
necessary resources to survive, both economically and in terms of feeding.&#xd;
They are also very important for climate change because as they are the largest carbon&#xd;
stores in the world and make the impact of the CO2 that we produce is contained and&#xd;
not going directly into the atmosphere.&#xd;
The project presents the main products derived from the forest and how chemistry&#xd;
affects to all the products and the main uses given to them.&#xd;
It is about of carrying out several simple experiments related to the theme and which&#xd;
can be carried out with abailable material, in order to be able to demonstrate what has&#xd;
been explained previously. This way, we will understand and observe more clearly&#xd;
certain chemical concepts that are present in forests.</subfield>
   </datafield>
   <datafield tag="653" ind2=" " ind1=" ">
      <subfield code="a">Àrees temàtiques de la UPC::Enginyeria química::Química del medi ambient</subfield>
   </datafield>
   <datafield tag="653" ind2=" " ind1=" ">
      <subfield code="a">Environmental chemistry</subfield>
   </datafield>
   <datafield tag="653" ind2=" " ind1=" ">
      <subfield code="a">Forests and forestry</subfield>
   </datafield>
   <datafield tag="653" ind2=" " ind1=" ">
      <subfield code="a">Química ambiental</subfield>
   </datafield>
   <datafield tag="653" ind2=" " ind1=" ">
      <subfield code="a">Boscos i silvicultura</subfield>
   </datafield>
   <datafield ind2="0" ind1="0" tag="245">
      <subfield code="a">La química del bosc</subfield>
   </datafield>
</record></metadata></record></GetRecord></OAI-PMH>